Подробности
| 000 -МАРКЕР |
| контрольное поле |
02583nam2a2200301 4500 |
| 001 - ИДЕНТИФИКАТОР ЗАПИСИ |
| контрольное поле |
RU\NLR\BIBL_A\016252269 |
| 005 - ИДЕНТИФИКАТОР ВЕРСИИ |
| контрольное поле |
20230127163748.0 |
| 010 ## - МЕЖДУНАРОДНЫЙ СТАНДАРТНЫЙ НОМЕР КНИГИ (ISBN) |
| Номер (ISBN) |
978-5-85219-843-3 |
| Уточнения |
ч. 1 |
| 021 ## - НОМЕР ГОСУДАРСТВЕННОЙ РЕГИСТРАЦИИ |
| Код страны |
Российская Федерация |
| Номер |
КН-П-22-087815 |
| Номер Листа государственной регистраци |
КН-П-22-7791 |
| 035 ## - ДРУГИЕ СИСТЕМНЫЕ НОМЕРА |
| Идентификатор записи |
(NLR Aleph) 016252269 |
| 035 ## - ДРУГИЕ СИСТЕМНЫЕ НОМЕРА |
| Идентификатор записи |
(RuMoRGB)011456408 |
| 100 ## - ДАННЫЕ ОБЩЕЙ ОБРАБОТКИ |
| Данные общей обработки |
20230109d2022 u y0rusy50 ca |
| 101 0# - ЯЗЫК РЕСУРСА |
| Язык текста, звукозаписи и т.д. |
русский |
| 102 ## - СТРАНА ПУБЛИКАЦИИ ИЛИ ПРОИЗВОДСТВА |
| Страна публикации |
Российская Федерация |
| 105 ## - ПОЛЕ КОДИРОВАННЫХ ДАННЫХ: ТЕКСТОВЫЕ МАТЕРИАЛЫ, МОНОГРАФИЧЕСКИЕ |
| Кодированные данные о монографическом текстовом документе |
y j 000zy |
| 200 1# - ЗАГЛАВИЕ И СВЕДЕНИЯ ОБ ОТВЕТСТВЕННОСТИ |
| Основное заглавие |
Психолого-педагогическое сопровождение детей дошкольного возраста с тяжёлыми множественными нарушениями развития и расстройствами аутистического спектра |
| 210 ## - ПУБЛИКАЦИЯ, РАСПРОСТРАНЕНИЕ И ДР. |
| Дата издания, распространения и т.д. |
2022 |
| 215 ## - ФИЗИЧЕСКАЯ ХАРАКТЕРИСТИКА |
| Специфическое обозначение материала и объем |
21 с. |
| 320 ## - ПРИМЕЧАНИЯ О НАЛИЧИИ В ДОКУМЕНТЕ БИБЛИОГРАФИИ / УКАЗАТЕЛЯ |
| Текст примечания |
Библиогр.: с. 19-21 (32 назв.) и в подстроч. примеч. |
| 461 #0 - УРОВЕНЬ НАБОРА |
| Встроенное поле |
001RU\NLR\BIBL_A\016252179 |
| -- |
2001#$aСтупени возможностей$eучебно-методический комплекс$eв трёх частях$fДепартамент образования администрации города Нижнего Новгорода, Муниципальное бюджетное дошкольное образовательное учреждение "Детский сад № 110" (МБДОУ "Детский сад № 110")$gсоставители: Е. С. Безрукова - учитель-дефектолог [и др.]$vЧ. 1 |
| Системный номер (АБИС) связанной записи |
12831084 |
| Место публикации |
Нижний Новгород |
| Дата публикации |
2022 |
| Первые сведения об ответственности |
Департамент образования администрации города Нижнего Новгорода, Муниципальное бюджетное дошкольное образовательное учреждение "Детский сад № 110" (МБДОУ "Детский сад № 110") |
| Имя издателя, распространителя и т.д. |
Изд-во НГПУ им. К. Минина |
| Сведения, относящиеся к заглавию |
учебно-методический комплекс : в трёх частях |
| Заглавие |
Ступени возможностей |
| ISBN |
9785852198426 |
| Номер тома |
Ч. 1 |
| 606 1# - НАИМЕНОВАНИЕ ТЕМЫ КАК ПРЕДМЕТ |
| Наименование темы |
Дети с аутизмом |
| Формальный подзаголовок |
Учебно-методические пособия |
| Тематический подзаголовок |
Педагогическая поддержка |
| Системный номер авторитетной/нормативной записи |
2224628 |
| Идентификатор авторитетной/нормативной записи |
RU\NLR\AUTH\6601568554 |
| 606 1# - НАИМЕНОВАНИЕ ТЕМЫ КАК ПРЕДМЕТ |
| Наименование темы |
Дети с комплексными нарушениями развития |
| Формальный подзаголовок |
Учебно-методические пособия |
| Тематический подзаголовок |
Педагогическая поддержка |
| Системный номер авторитетной/нормативной записи |
2540292 |
| Идентификатор авторитетной/нормативной записи |
RU\NLR\AUTH\6601717494 |
| 686 1# - ИНДЕКСЫ ДРУГИХ КЛАССИФИКАЦИЙ |
| Индекс |
Ю948.45-734 |
| 942 ## - ДОПОЛНИТЕЛЬНЫЕ ЭЛЕМЕНТЫ ЗАПИСИ (АБИС) |
| Тип экземпляра АБИС |
Книга |
| 980 ## - КОЛЛЕКЦИЯ |
| Название коллекции |
Национальная библиография |